Sanat - "Ei tippa tapa" - Irwin Goodman - Statistics

Yleistilastot
  • Tätä visaa on pelattu 253 kertaa
  • Keskiarvotulos 108 / 160
Vastaustilastot
Sanat % Oikein
Ei
99%
ei
99%
tapa
98%
tippa
98%
ämpäriin
96%
huku
96%
ja
96%
Ja
96%
mpäriin
94%
kun
91%
Kun
91%
me
88%
antaa
87%
Antaa
87%
vaan
87%
mennä
86%
on
85%
On
85%
niin
84%
päästy
83%
alkuun
81%
73%
sain
62%
lopputilin
61%
siitä
61%
Kaikki
60%
kaikki
60%
vain
59%
alkoi
58%
hain
51%
Pullo
51%
täyden
50%
lastin
49%
ringissä
49%
kiersi
48%
Sitten
47%
kunniaksi
46%
jos
44%
juhlan
44%
irvisteltiin
43%
olla
43%
näin
40%
lain
38%
turhaa
37%
joskus
36%
kainosteltu
36%
Elämä
35%
selvinpäin?
35%
viikko
34%
sen
33%
tylsää
33%
juhli
32%
aina
31%
jaksaa
31%
peräkkäin
31%
sitä
31%
samaan
29%
Juodaan
28%
ollaan
28%
liioin
27%
maan
27%
tahtiin
27%
hetki
26%
mammonaa
26%
No
26%
päälle
26%
pieni
26%
aivan
25%
täällä
25%
turhaan
25%
Joku
24%
kukas
24%
omiaan
24%
aikanaan
23%
juokoon
23%
koota
23%
murheet
23%
nyt
23%
ryyppää
23%
toiset
23%
huuhdotaan
22%
kuitenkin
22%
sisältämme
22%
toinen
22%
Kaikkihan
21%
Eikä siinä
9%
Ehtoja vastaavia visoja ei löytynyt
Tulosjakauma
Jokaisen tuloksen saaneiden osuus
Persentiili vastausten määrän mukaan
Tuloshistoriasi
Et ole pelannut tätä visaa